[Event "Collado Villalba op-B 34th"]
[Site "Collado Villalba"]
[Date "2017.08.28"]
[Round "7"]
[White "Melcon Diez, Enrique"]
[Black "Sanz Toledano, Alfonso"]
[Result "1/2-1/2"]
[WhiteElo "1634"]
[BlackElo "1818"]
[PlyCount "41"]
[EventDate "2017.08.22"]
[EventType "swiss"]
[EventRounds "9"]
[EventCountry "ESP"]
[SourceTitle "CBM 180 Extra"]
[Source "ChessBase"]
[SourceDate "2017.10.06"]
[SourceVersion "1"]
[SourceVersionDate "2017.10.06"]
[SourceQuality "1"]

1. c4 Nc6 2. Nc3 e5 3. Nf3 Bb4 4. Nd5 e4 5. Nd4 Nxd4 6. Nxb4 Nf6 7. e3 Nc6 8. Nxc6 bxc6 9. d3 exd3 10. Bxd3 d6 11. 0-0 0-0 12. b3 Bg4 13. Qc2 Bh5 14. Bb2 Bg6 15. Bxg6 hxg6 16. Bxf6 Qxf6 17. Rad1 c5 18. Rd2 Rfe8 19. Rfd1 Re5 20. h3 Rh5 21. Qe4 1/2-1/2

[Event "Collado Villalba op-B 34th"]
[Site "Collado Villalba"]
[Date "2017.08.23"]
[Round "2"]
[White "Sanz Toledano, Alfonso"]
[Black "Galan Aguado, Fernando"]
[Result "1-0"]
[WhiteElo "1818"]
[BlackElo "1634"]
[PlyCount "79"]
[EventDate "2017.08.22"]
[EventType "swiss"]
[EventRounds "9"]
[EventCountry "ESP"]
[SourceTitle "CBM 180 Extra"]
[Source "ChessBase"]
[SourceDate "2017.10.06"]
[SourceVersion "1"]
[SourceVersionDate "2017.10.06"]
[SourceQuality "1"]

1. b4 e6 2. Bb2 Nf6 3. b5 b6 4. Nf3 Bb7 5. e3 d5 6. c4 Bd6 7. Be2 0-0 8. 0-0 Nbd7 9. d4 Ne4 10. Nc3 f5 11. cxd5 exd5 12. Qb3 Ndf6 13. Ba3 Kh8 14. Bxd6 Qxd6 15. a4 g5 16. Qa3 Nxc3 17. Qxc3 Ne4 18. Qa3 Qe6 19. Ne5 c5 20. bxc6 Bxc6 21. Qb2 Rfc8 22. Rfc1 Be8 23. Ba6 Rxc1+ 24. Qxc1 Qd6 25. a5 b5 26. Bxb5 Kg7 27. Rb1 Nf6 28. Bxe8 Rxe8 29. Rb7+ Re7 30. Qc8 f4 31. exf4 gxf4 32. a6 Ne8 33. Qxe8 Rxb7 34. axb7 Qb4 35. Qf7+ Kh6 36. Qf6+ Kh5 37. Qf5+ Kh6 38. Qxf4+ Kg7 39. Qg5+ Kf8 40. b8Q+ 1-0